Cómo interpretar... las reacciones serológicas / (Record no. 188785)
[ view plain ]
| 000 -LEADER | |
|---|---|
| campo de control de longitud fija | 00924nam a2200241 i 4500 |
| 001 - NÚMERO DE CONTROL | |
| campo de control | 188785 |
| 003 - IDENTIFICADOR DE NÚMERO DE CONTROL | |
| campo de control | ES-MaACL |
| 005 - FECHA Y HORA DE LA ÚLTIMA TRANSACCIÓN | |
| campo de control | 20231221154546.0 |
| 008 - DATOS DE LONGITUD FIJA--INFORMACIÓN GENERAL | |
| campo de control de longitud fija | 190214s1962 sp |||| | spa d |
| 100 1# - ENTRADA PRINCIPAL--NOMBRE DE PERSONA | |
| Nombre de persona | Faure, M. |
| 9 (RLIN) | 166265 |
| 245 10 - MENCIÓN DEL TÍTULO | |
| Título | Cómo interpretar... las reacciones serológicas / |
| Mención de responsabilidad, etc. | M. Faure..., R. Pautrizel..., L. Le Minor... ; traducción del Dr. José Aznar López ; revisión y ampliación... del Dr. Fernando Ortiz Maslloréns. |
| 260 ## - PUBLICACIÓN, DISTRIBUCIÓN, ETC. | |
| Lugar de publicación, distribución, etc. | Madrid : |
| Nombre del editor, distribuidor, etc. | Daimon, |
| Fecha de publicación, distribución, etc. | [1962] |
| 300 ## - DESCRIPCIÓN FÍSICA | |
| Extensión | 111 p. : |
| Otras características físicas | il. ; |
| Dimensiones | 16 cm. |
| 490 1# - MENCIÓN DE SERIE | |
| Mención de serie | Colección Médica Internacional ; |
| Designación de volumen o secuencia | 5 |
| 650 #4 - PUNTO DE ACCESO ADICIONAL DE MATERIA--TÉRMINO DE MATERIA | |
| Término de materia o nombre geográfico como elemento de entrada | Serodiagnóstico. |
| 9 (RLIN) | 151729 |
| 700 1# - ENTRADA AGREGADA--NOMBRE PERSONAL | |
| Nombre de persona | Pautrizel, Raymond. |
| 9 (RLIN) | 166266 |
| 700 1# - ENTRADA AGREGADA--NOMBRE PERSONAL | |
| Nombre de persona | Le Minor, Léon. |
| 9 (RLIN) | 166267 |
| 700 1# - ENTRADA AGREGADA--NOMBRE PERSONAL | |
| Nombre de persona | Aznar López, José |
| 9 (RLIN) | 24311 |
| 700 1# - ENTRADA AGREGADA--NOMBRE PERSONAL | |
| Nombre de persona | Ortiz Masllorens, Fernando. |
| 9 (RLIN) | 166268 |
| 830 0# - PUNTO DE ACCESO ADICIONAL DE SERIE-TÍTULO UNIFORME | |
| Título uniforme | Colección Médica Internacional ; |
| Designación de volumen o secuencia | 5 |
| 9 (RLIN) | 183453 |
| 852 ## - LOCALIZACIÓN | |
| Ubicación | ES-MaACL |
| Número de control de estantería | P-488-4 |
| Estatus retirado | Estado de pérdida | Estado de daño | No para préstamo | Biblioteca de origen | Biblioteca actual | Ubicación en estantería | Fecha de adquisición | Fuente de adquisición | Total de préstamos | Signatura topográfica completa | Código de barras | Visto por última vez | Precio de reemplazo | Tipo de ítem Koha |
|---|---|---|---|---|---|---|---|---|---|---|---|---|---|---|
| Biblioteca del Ateneo de Madrid | Biblioteca del Ateneo de Madrid | Depósito 2 | 14/02/2019 | P-488-4 | 1199915 | 23/02/2023 | 23/02/2023 | Libro impreso |
